The Colombian peace process of 1982-1984, and its implications for Central America

Sparad:
Bibliografiska uppgifter
Huvudupphovsman: Deas, Malcom
Materialtyp: Text
Publicerad: Bogota: Universidad de los Andes
Taggar: Lägg till en tagg
Inga taggar, Lägg till första taggen!

MARC

LEADER 00000 a a2200000 04500
001 21449
003
040
090 |a 094600  
100 |a Deas, Malcom  
245 |a The Colombian peace process of 1982-1984, and its implications for Central America  
260 |a Bogota:   |b Universidad de los Andes  
300 |a 35 p.  
999 |c 1105  |d 1105